Przedmioty szkolne w klasie 1-4 - Statystyki

Ogólne statystyki
  • Ten quiz został rozwiązany 207 razy
  • Średni wynik to 8 z 11
Statystyki odpowiedzi
Klasa Przedmiot % Poprawnych
4 Matematyka
93%
4 Język Polski
86%
4 Przyroda
84%
1-4 Język Angielski
82%
4 Plastyka
82%
1-4 WF
80%
4 Muzyka
75%
1-4 Religia*
70%
4 Technika
68%
1-3 Edukacja Wczesnoszkolna
51%
4 Godzina Wychowawcza
28%
Nie znaleziono quizów pasujących do podanych kryteriów
Rozkład punktacji
Procent ludzi z każdym wynikiem
Percentyl według liczby udzielonych odpowiedzi
Twoja historia wyników
Nie rozwiązałeś tego quizu